00417 2200157 4500001002100000008004100021035002000062245002500082100001200107260003500119300001700154020001800171082001100189650004600200990001300246INLIS000000000002016 ind  a0010-0423002016 aPENAKLUKAN ANDALUSIA aWAHYU M aYOGYAKARTAbINSAN MADANIc2010 a56 hlm.ccm. a979-026-083-2 a297903 aSEJARAH ISLAM DAN BIOGRAFI - ENSIKLOPEDIA a100812-1